| 000 | 00944nam a2200313Ia 4500 | ||
|---|---|---|---|
| 001 | Para_9874 | ||
| 003 | CHAP | ||
| 008 | 220125s2012 xx 000 0 und d | ||
| 010 | _a208553 | ||
| 020 | _a978 - 607 - 15 - 0725 -9 | ||
| 040 | _cCHAP | ||
| 082 | _aPA 001.434 G88 2012 | ||
| 100 |
_aGutiérrez Pulido, Humberto _951804 |
||
| 245 |
_aAnálisis y diseño de experimetos / _c Humberto Gutiérrez Pulido; Róman de la Vara Salazar |
||
| 250 | _a3 | ||
| 260 |
_aMéxico : _b Mc Graw - Hill |
||
| 300 | _a489 p. | ||
| 500 | _aIncluye referencias bibliográficas e índice | ||
| 650 |
_aDiseño experimental _9147259 |
||
| 650 |
_aMetodología Científica _9174994 |
||
| 700 |
_aVara Salazar, Róman de la, coaut. _9174995 |
||
| 901 | _aPA 001.434 G88 2012 | ||
| 902 | _aM | ||
| 905 | _a5232202012 an 8000000300 06 | ||
| 910 | _a2012 | ||
| 942 | _cPARA | ||
| 942 |
_cPARA _d1 |
||
| 999 |
_c208553 _d208553 |
||